000 00744nam a2200205 a 4500
005 20220909063618.0
008 991125s1989 mx 000 0 spa u
035 _aUPN01000050740
049 _aF
050 4 _aLA421 R4.7
_b1989
245 0 0 _aRecopilación de las ponencias de la reunión de análisis del Programa para la Modernización Educativa, organizada por el IEPES del PRI el 14 de diciembre de 1989
260 _aMéxico :
_bPRI,
_c1989
300 _a47 p
440 0 _aCuadernos del IEPES
650 7 _aModernización educativa
_2
_94852
710 2 _aReunión de Análisis del Programa para la Modernización Educativa (1989 : México, D.
_bF.
_b
902 _aCAV CARLOS AGUILAR VILLA
904 _aAC
_b050742
905 _aLibro
999 _c50740
_d50740